| 000 | 01227nam a2200253 i 4500 | ||
|---|---|---|---|
| 001 | bg | ||
| 100 | 1 | _aWIATR, Kazimierz | |
| 245 | 1 | 0 |
_aArchitektura potokowa specjalizowanych procesorów sprzętowych do wstępnego przetwarzania obrazów w systemach wizyjnych czasu rzeczywistego / _cKazimierz Wiatr. |
| 246 | 1 | 1 | _aPipeline architecture of specialized hardware processors for real-time image pre-processing |
| 260 |
_aKraków : _bWydawnictwa AGH, _c1998. |
||
| 300 |
_a151, [1] s. : _bfot., rys., wykr. ; _c24 cm. |
||
| 490 | 1 |
_aRozprawy, Monografie / [Akademia Górniczo-Hutnicza im. Stanisława Staszica] = _aDissertations, Monographies, _x0867-6631 ; _v67 |
|
| 500 | _aTyt. równol. : Pipeline architecture of specialized hardware processors for real-time image pre-processing. - Streszcz. ang. | ||
| 504 | _aBibliogr. s. 144-[152]. | ||
| 650 | 9 |
_aProcesor _xbudowa i organizacja |
|
| 650 | 9 | _aPrzetwarzanie danych w czasie rzeczywistym | |
| 650 | 9 | _aPrzetwarzanie obrazów | |
| 830 | 0 |
_aRozprawy, Monografie ([Akademia Górniczo-Hutnicza im. Stanisława Staszica]) ; _v67 |
|
| 040 | _cBPK | ||
| 041 | 0 |
_apl _ben |
|
| 080 | _a004.932:004.031.43:004.31 | ||
| 942 | _cKS | ||
| 008 | s pl f |000 0 pol | ||
| 999 |
_c38337 _d38337 |
||
| 856 |
_uhttp://koha.tu.koszalin.pl/cgi-bin/koha/opac-detail.pl?biblionumber=38337 _yKatalog online BPK |
||